The swan system of the C2 molecule (Record no. 5692)

MARC details
000 -LEADER
fixed length control field 00655nam a2200193Ia 4500
003 - CONTROL NUMBER IDENTIFIER
control field IN-BaIIA
008 - FIXED-LENGTH DATA ELEMENTS--GENERAL INFORMATION
fixed length control field 211028s9999 xx 000 0 eng d
040 ## - CATALOGING SOURCE
Transcribing agency IIA Library
080 ## - UNIVERSAL DECIMAL CLASSIFICATION NUMBER
Universal Decimal Classification number 083:539.19
Item number PHI
100 ## - MAIN ENTRY--PERSONAL NAME
Personal name Davis, S. P.
9 (RLIN) 9869
245 #4 - TITLE STATEMENT
Title The swan system of the C2 molecule
Remainder of title the spectrum of the HgH molecule
Statement of responsibility, etc. S. P. Davis and J. G. Phillips
260 ## - PUBLICATION, DISTRIBUTION, ETC.
Place of publication, distribution, etc. Berkeley
Name of publisher, distributor, etc. University of California Press
Date of publication, distribution, etc. 1968
300 ## - PHYSICAL DESCRIPTION
Extent 260p.
650 ## - SUBJECT ADDED ENTRY--TOPICAL TERM
Topical term or geographic name entry element Carbon - spectra
9 (RLIN) 9870
650 ## - SUBJECT ADDED ENTRY--TOPICAL TERM
Topical term or geographic name entry element Mercury hydride - spectra
9 (RLIN) 9871
650 ## - SUBJECT ADDED ENTRY--TOPICAL TERM
Topical term or geographic name entry element Molecular spectroscopy
700 ## - ADDED ENTRY--PERSONAL NAME
Personal name Philips, J. G.
9 (RLIN) 9872
942 ## - ADDED ENTRY ELEMENTS (KOHA)
Koha item type Books
Holdings
Withdrawn status Lost status Damaged status Not for loan Home library Current library Shelving location Date acquired Total Checkouts Total Renewals Full call number Barcode Date last seen Date last checked out Price effective from Koha item type
        IIA Library-Bangalore IIA Library-Bangalore General Stacks 07/01/1978 1 1 083:539.19/ PHI 6367 12/09/2023 12/09/2023 07/01/1978 Books

Powered by Koha